International scientific affairs. (Record no. 90092)

MARC details
000 -LEADER
fixed length control field 01134cam a22002771 4500
001 - CONTROL NUMBER
control field sd 63000011
003 - CONTROL NUMBER IDENTIFIER
control field DLC
005 - DATE AND TIME OF LATEST TRANSACTION
control field 20260227112736.0
008 - FIXED-LENGTH DATA ELEMENTS--GENERAL INFORMATION
fixed length control field 921017r19631963dcua f000 0 eng c
010 ## - LIBRARY OF CONGRESS CONTROL NUMBER
LC control number sd 63000011
035 ## - SYSTEM CONTROL NUMBER
System control number (OCoLC)26799273
040 ## - CATALOGING SOURCE
Original cataloging agency U.S. Dept. of State. Library
Transcribing agency DS
Modifying agency DS
-- DLC
042 ## - AUTHENTICATION CODE
Authentication code premarc
050 00 - LIBRARY OF CONGRESS CALL NUMBER
Classification number Q127.U6
Item number A533 1963
110 1# - MAIN ENTRY--CORPORATE NAME
Corporate name or jurisdiction name as entry element United States.
Subordinate unit Department of State.
-- Office of Media Services.
245 10 - TITLE STATEMENT
Title International scientific affairs.
260 ## - PUBLICATION, DISTRIBUTION, ETC.
Place of publication, distribution, etc. [Washington,
Name of publisher, distributor, etc. For sale by the Superintendent of Documents, U.S. Govt. Print. Off.,
Date of publication, distribution, etc. 1963]
300 ## - PHYSICAL DESCRIPTION
Extent [3] p.
Other physical details illus.
Dimensions 30 cm.
490 1# - SERIES STATEMENT
Series statement [United States] Dept. of State. Publication
Volume/sequential designation 7550
490 1# - SERIES STATEMENT
Series statement Department and Foreign Service series,
Volume/sequential designation 117
500 ## - GENERAL NOTE
General note Caption title.
500 ## - GENERAL NOTE
General note Reprinted from the Office's Department of State 1963; a report to the citizen.
610 10 - SUBJECT ADDED ENTRY--CORPORATE NAME
Corporate name or jurisdiction name as entry element United States.
Subordinate unit Department of State.
-- Office of International Scientific Affairs.
830 #0 - SERIES ADDED ENTRY--UNIFORM TITLE
Uniform title Department of State publication ;
Volume/sequential designation 7550.
830 #0 - SERIES ADDED ENTRY--UNIFORM TITLE
Uniform title Department of State publication.
Name of part/section of a work Department and Foreign Service series ;
Volume/sequential designation 117.

No items available.

Powered by Koha